00907nam a2200241 a 450000100100000000500170001000800410002704000250006804100080009308200180010110000390011924500520015826000290021030000360023950400480027554600140032360000440033765000310038191000370041204900090044995201900045899900170064800003488120200930073948.0111021s1927 fr ac 001 0 fre d aDO-SdBNPbspacBNPHU17afre a540.92bB539B1 aBoutaric, Auguste Marius A.96043610aMarcellin Berthelot (1827-1907) /cA. Boutaric. aParís :bPayot,c1927. a218 p. :bil., retrs. ;c23 cm. aBibliografía y notas al pie de páginas. aFrancés14aBERTHELOT, MARCELLIN,d1827-1907960437 4aQuímicoszFrancia960438 aValidado. Control de calidad EMS aBNPD 001050728RVaGRbGRcBDd2011-10-21iLF1l0o540.92 B539Bp34881-10r2020-06-25w2020-06-25y1zPerteneció a la biblioteca personal de Juan Isidro Jiménes GrullónZNo se presta c34372d34372